书目信息 |
| 题名: |
漫画《皇帝内经》
|
|
| 作者: | 黄原娟 主编 | |
| 分册: | ||
| 出版信息: | 天津 天津科学技术出版社 2024.06 |
|
| 页数: | 180页 | |
| 开本: | 20cm | |
| 丛书名: | ||
| 单 册: | ||
| 中图分类: | R221-49 | |
| 科图分类: | ||
| 主题词: | 中医医学基础 | |
| 电子资源: | ||
| ISBN: | 978-7-5742-2177-2 | |
| 000 | 00690nam0 2200205 450 | |
| 001 | 2532996818 | |
| 005 | 20250906091250.33 | |
| 010 | @a978-7-5742-2177-2@dCNY69.80 | |
| 100 | @a20250906d2024 km y0chiy0120 ea | |
| 101 | 0 | @achi |
| 102 | @aCN@b120000 | |
| 200 | 1 | @a漫画《皇帝内经》@AMan Hua《Huang Di Nei Jing》@e给孩子的中医启蒙智慧书@f黄原娟主编@FHuang Yuan Juan Zhu Bian |
| 210 | @a天津@c天津科学技术出版社@d2024.06 | |
| 215 | @a180页@d20cm | |
| 517 | 1 | @a给孩子的中医启蒙智慧书@AGei Hai Zi De Zhong Yi Qi Meng Zhi Hui Shu |
| 606 | 0 | @a中医医学基础 |
| 690 | @aR221-49@v4 | |
| 701 | 0 | @a黄原娟@AHuang Yuan Juan@4主编 |
| 801 | 0 | @aCN@b河南城建学院图书馆@c20250906 |
| 905 | @dR221-49@eH912 | |
| 漫画《皇帝内经》:给孩子的中医启蒙智慧书/黄原娟主编.-天津:天津科学技术出版社,2024.06 |
| 180页;20cm |
| ISBN 978-7-5742-2177-2:CNY69.80 |
| ● |
| 相关链接 |
|
|
|
正题名:漫画《皇帝内经》
索取号:R221-49/H912
 
预约/预借
| 序号 | 登录号 | 条形码 | 馆藏地/架位号 | 状态 | 备注 |
| 1 | 1555287 | 215552872 | 自科库401/401自科库 10排1列2层/ [索取号:R221-49/H912] | 在馆 |